000 00511nam a2200193Ia 4500
008 151119s9999||||xx |||||||||||||| ||und||
082 _a891.46308
082 _bGKKV25033
100 _a"मुजावर, बशीर"
245 _aप्रवाही
260 _a--
260 _b--
260 _c2005
600 _a"मुजावर, बशीर"
630 _aप्रवाही
700 _a"मुजावर, बशीर"
730 _aप्रवाही
942 _cBOOK
999 _c1077585
_d1077582